Statistics for 中国百家姓测验

Click here to take the quiz!

General Stats

  • This quiz has been taken 136 times
  • The average score is 150 of 500

Answer Stats

姓氏% Correct
99%
95%
95%
95%
95%
94%
93%
92%
91%
87%
86%
85%
82%
82%
82%
81%
81%
81%
80%
80%
80%
79%
79%
79%
76%
76%
76%
76%
74%
74%
74%
73%
73%
欧阳
73%
72%
72%
诸葛
71%
71%
71%
69%
69%
69%
68%
67%
67%
67%
67%
67%
65%
65%
65%
65%
65%
65%
65%
司马
64%
64%
64%
64%
64%
64%
64%
64%
62%
62%
61%
上官
61%
61%
61%
60%
60%
60%
60%
59%
58%
58%
58%
56%
56%
56%
56%
55%
55%
55%
55%
55%
54%
54%
54%
53%
53%
53%
52%
52%
52%
51%
51%
51%
49%
49%
48%
48%
47%
47%
47%
47%
47%
47%
47%
46%
46%
46%
46%
46%
46%
46%
45%
45%
45%
45%
44%
44%
44%
44%
44%
44%
42%
42%
42%
42%
42%
42%
41%
41%
41%
41%
41%
41%
40%
40%
40%
40%
39%
39%
39%
端木
39%
39%
39%
39%
39%
39%
39%
39%
39%
39%
39%
38%
38%
38%
38%
38%
38%
38%
令狐
36%
东方
36%
36%
36%
36%
36%
36%
36%
36%
皇甫
35%
35%
35%
司徒
35%
35%
34%
34%
34%
34%
34%
34%
慕容
34%
宇文
34%
34%
33%
33%
33%
33%
33%
33%
33%
33%
33%
32%
32%
32%
32%
32%
32%
32%
32%
32%
32%
32%
32%
31%
呼延
31%
31%
31%
公孙
31%
29%
29%
29%
29%
29%
西门
29%
尉迟
28%
28%
28%
司空
28%
28%
28%
28%
夏侯
28%
28%
28%
28%
28%
南宫
27%
27%
27%
27%
26%
26%
26%
26%
26%
26%
26%
26%
26%
26%
26%
26%
25%
25%
25%
25%
25%
25%
25%
25%
25%
24%
24%
24%
24%
24%
24%
24%
24%
24%
24%
24%
24%
22%
22%
22%
22%
22%
21%
21%
21%
21%
21%
20%
20%
20%
20%
长孙
20%
20%
20%
20%
20%
20%
20%
20%
20%
20%
20%
19%
19%
19%
19%
19%
19%
广
19%
19%
19%
19%
18%
18%
18%
18%
18%
18%
18%
18%
18%
18%
16%
16%
16%
16%
16%
16%
16%
16%
16%
16%
16%
16%
15%
15%
万俟
15%
15%
15%
15%
15%
15%
15%
15%
宿
15%
15%
14%
拓跋
14%
14%
14%
14%
14%
14%
14%
14%
14%
14%
东郭
13%
13%
13%
13%
13%
13%
13%
13%
13%
13%
闻人
13%
公羊
13%
13%
12%
12%
12%
12%
12%
12%
12%
申屠
12%
12%
轩辕
12%
南门
11%
11%
11%
11%
11%
11%
11%
11%
11%
11%
单于
9%
百里
9%
9%
9%
9%
9%
寿
9%
9%
9%
9%
9%
8%
8%
8%
赫连
8%
濮阳
8%
8%
8%
8%
8%
8%
8%
8%
8%
淳于
7%
7%
钟离
7%
7%
7%
7%
7%
7%
东门
7%
7%
7%
6%
6%
6%
6%
6%
6%
6%
6%
6%
6%
6%
6%
6%
6%
司寇
6%
6%
6%
公冶
6%
6%
怀
5%
5%
5%
5%
乐正
5%
5%
5%
5%
澹台
5%
5%
5%
5%
5%
5%
太叔
5%
5%
5%
5%
5%
4%
4%
4%
羊舌
4%
4%
4%
4%
4%
4%
宗政
4%
4%
谷梁
4%
宰父
4%
仲孙
4%
鲜于
4%
闾丘
4%
漆雕
4%
4%
2%
左丘
2%
2%
羿
2%
2%
2%
公良
2%
2%
2%
2%
2%
巫马
2%
公西
2%
子车
2%
2%
壤驷
1%
1%
段干
1%
微生
1%
梁丘
1%
1%
1%
夹谷
0%
0%
颛孙
0%
仉督
0%
丌官
0%
0%

Score Distribution

Percentile by Number Answered

Percent of People with Each Score

Your Score History

You have not taken this quiz